[Event "Gipuzkoako-ch U16"]
[Site "Errenteria"]
[Date "2007.12.02"]
[Round "6.5"]
[White "Pedrera Busselo, Asier"]
[Black "Urrestarazu Garcia, Inigo"]
[Result "1/2-1/2"]
[WhiteElo "1680"]
[BlackElo "1663"]
[PlyCount "99"]
[EventDate "2007.10.21"]
[EventType "swiss"]
[EventRounds "6"]
[EventCountry "ESP"]
[SourceTitle "EXT 2024"]
[Source "ChessBase"]
[SourceDate "2023.10.10"]
[SourceVersion "1"]
[SourceVersionDate "2023.10.10"]
[SourceQuality "1"]

1. e4 c5 2. Nf3 d6 3. d4 cxd4 4. Nxd4 Nf6 5. Nc3 g6 6. Be3 Bg7 7. Be2 0-0 8. 0-0 Nc6 9. Nxc6 bxc6 10. h3 Be6 11. Qd2 Qd7 12. f4 Bxh3 13. gxh3 Qxh3 14. Bf3 Ng4 15. Bxg4 Qxg4+ 16. Qg2 Qxg2+ 17. Kxg2 f5 18. Rab1 Bxc3 19. bxc3 c5 20. e5 Rfe8 21. Rb7 a5 22. Rf2 Rab8 23. Ra7 Ra8 24. Rb7 Rab8 25. Rxb8 Rxb8 26. exd6 exd6 27. Rd2 Rb2 28. Rxd6 Rxc2+ 29. Kf3 Rxc3 30. Rd5 Ra3 31. Rxc5 Rxa2 32. Bd4 a4 33. Rc8+ Kf7 34. Rh8 Ra3+ 35. Kg2 Ra2+ 36. Kg1 Rd2 37. Rxh7+ Kg8 38. Rg7+ Kf8 39. Be5 Rd1+ 40. Kf2 Rd2+ 41. Ke3 Rg2 42. Kf3 Rg1 43. Kf2 Rg4 44. Ra7 g5 45. Rxa4 gxf4 46. Bxf4 Kf7 47. Kf3 Kf6 48. Be5+ Kxe5 49. Rxg4 fxg4+ 50. Kxg4 1/2-1/2

[Event "Gipuzkoako-ch U16"]
[Site "Errenteria"]
[Date "2007.10.28"]
[Round "2.8"]
[White "Intxaurrondo Gonzalez, Aimar"]
[Black "Urrestarazu Garcia, Inigo"]
[Result "0-1"]
[WhiteElo "1483"]
[BlackElo "1663"]
[PlyCount "74"]
[EventDate "2007.10.21"]
[EventType "swiss"]
[EventRounds "6"]
[EventCountry "ESP"]
[SourceTitle "EXT 2024"]
[Source "ChessBase"]
[SourceDate "2023.10.10"]
[SourceVersion "1"]
[SourceVersionDate "2023.10.10"]
[SourceQuality "1"]

1. e4 c5 2. Nf3 d6 3. c4 Nc6 4. Nc3 Nf6 5. d4 cxd4 6. Nxd4 g6 7. Bf4 Nh5 8. Bg3 Nxg3 9. fxg3 Bg7 10. Nxc6 bxc6 11. Qf3 0-0 12. Bd3 Qa5 13. Rc1 Rb8 14. Qf2 c5 15. Qd2 Be6 16. Rf1 h5 17. Rc2 Rfe8 18. h4 Be5 19. Rf3 Bg4 20. Re3 Bd4 21. Nd5 Qxd2+ 22. Kxd2 Bxe3+ 23. Kxe3 Bd1 24. Rd2 Ba4 25. b3 Bc6 26. Nc3 Rbd8 27. a3 e6 28. Bc2 d5 29. exd5 exd5+ 30. Kf2 dxc4 31. Rxd8 Rxd8 32. Kg1 cxb3 33. Bxb3 Rd3 34. Bxf7+ Kxf7 35. Nb1 Rd1+ 36. Kf2 Rxb1 37. Ke2 Bxg2 0-1